| 000 | 00581nam a2200205Ia 4500 | ||
|---|---|---|---|
| 001 | 9281 | ||
| 008 | 221121s1960 ii a g b000 u 465 u | ||
| 082 | _a801 | ||
| 100 | _aRichards, I.A. . | ||
| 245 | 0 |
_aPractical Criticism: A Study of Literary Judgment / _cI.A. Richards. _hTextual Documents |
|
| 250 | _a1st ed. / | ||
| 260 |
_aLondon : _bRoutledge and Kegan Paul , _c1960. |
||
| 300 |
_axiii, 375p. : _bill. ; _c22cm. . |
||
| 504 | _aIndex | ||
| 653 | _aEnglish Literature | ||
| 653 | _aLiterature-English | ||
| 653 | _aG-English | ||
| 653 | _aMS-English | ||
| 942 |
_2ddc _cBK |
||
| 999 |
_c9268 _d9268 |
||